Équipes - Euro 2012 - Statistiques

Statistiques générales
  • Ce quiz a été pris 151 fois
  • Le résultat moyen est 15 sur 16
Statistiques - réponses
Squadra % Correct
Espagne
99%
Italie
99%
Portugal
99%
Angleterre
98%
France
98%
Pologne
97%
Pays-Bas
95%
Russie
95%
Suède
95%
Allemagne
92%
Ukraine
92%
Irlande
90%
Grèce
89%
Croatie
84%
République Tchèque
84%
Danemark
83%
Aucun quiz correspondant
Distribution des résultats
% des personnes avec chaque résultat
Percentile par nombre de réponses
Votre historique - résultats
Vous n’avez pas pris ce quiz